<The> George Washington international law review

Guardado en:
Detalles Bibliográficos
Formato: Seriadas
Lenguaje:inglés
Publicado: Washington George Washington University
Materias:
Etiquetas: Agregar Etiqueta
Sin Etiquetas, Sea el primero en etiquetar este registro!

MARC

LEADER 00000nas1a2200000 4500
001 s124340
005 20250717093647.3
022 |a 1534-9977 
041 0 |a eng 
044 |a US 
245 1 0 |a <The> George Washington international law review 
264 1 |a Washington  |b George Washington University 
610 2 0 |a právo obchodné